Từ điển bách khoa sức khỏe gia đình
Sách cung cấp kiến thức cơ bản trong chăm sóc sức khỏa ban đầu, những thông tin sức khỏe với khoảng 5.000 thuật ngữ thông dụng trong y học, đề cập đến các vấn đề sức khỏe, về các bệnh thường gặp hằng ngày, và một số bệnh lý hiếm ga...
محفوظ في:
| المؤلف الرئيسي: | |
|---|---|
| التنسيق: | كتاب |
| اللغة: | Undetermined |
| منشور في: |
Hà Nội
Văn Hóa Thông Tin
1998
|
| الموضوعات: | |
| الوسوم: |
إضافة وسم
لا توجد وسوم, كن أول من يضع وسما على هذه التسجيلة!
|
| Thư viện lưu trữ: | Trung tâm Học liệu Trường Đại học Cần Thơ |
|---|
| LEADER | 00917nam a2200181Ia 4500 | ||
|---|---|---|---|
| 001 | CTU_27001 | ||
| 008 | 210402s9999 xx 000 0 und d | ||
| 082 | |a 613.03 | ||
| 082 | |b Tr513 | ||
| 100 | |a Nguyễn Sào Trung | ||
| 245 | 0 | |a Từ điển bách khoa sức khỏe gia đình | |
| 245 | 0 | |c Nguyễn Sào Trung | |
| 260 | |a Hà Nội | ||
| 260 | |b Văn Hóa Thông Tin | ||
| 260 | |c 1998 | ||
| 520 | |a Sách cung cấp kiến thức cơ bản trong chăm sóc sức khỏa ban đầu, những thông tin sức khỏe với khoảng 5.000 thuật ngữ thông dụng trong y học, đề cập đến các vấn đề sức khỏe, về các bệnh thường gặp hằng ngày, và một số bệnh lý hiếm gặp | ||
| 650 | |a medical care,medicine - encyclopedia | ||
| 980 | |a Trung tâm Học liệu Trường Đại học Cần Thơ | ||